000
00320nam a2200121 a 4500
005
20140414131916.0
008
101019s19uu xx 00 eng d
050
_a
ER
_b
Il1 1992
245
_a
I love you.
260
_a
Nashville, Tennessee :
_b
The clever factory,
_c
2002.
440
_a
Values and lessons
999
_c
111483
_d
111483